00000000nam##2200000za#4500
0019.679064
003CaOODSP
00520250910142445
007ta
008150407|1994||||xxc|||||     f|0| 0 fre|d
020 |a2-920718-56-8
040 |aCaOODSP|bfre
043 |an-cn---
0861 |aD61-3/1993F
1101 |aCanada. |bMinistère de la défense nationale.
24510|aNormandie 1944 : |bl'été canadien / |cpar Bill McAndrew, Donald E. Graves, Michael Whitby
260 |aOttawa - Ontario : |bDéfense nationale |c1994.
300 |a162p. : |bill. (certaines en couleur), cartes ; |c31 cm.
500 |aPublié par Éditions Art Global en collaboration avec le ministère de la Défense nationale et le Groupe Communication Canada -- Édition. Données de catalogage avant publication (Canada) imprimées dans cette publication. Sommaire: Préface.--Préparation à l'Opération Overlord, 1939-1944.--Le Jour J.--De jeunes gens au combat.--Juin: l'impasse.--Juin à août: la guerre des canadiens en mer.--Juillet: la crête de Verrières.--Août: l'Opération Totalize.--Août: la fin de la campagne de Normandie.--Épilogue.--Bibliographie choisie.
504 |aBibliographie.
5203 |aCet ouvrage commémore le cinquantième anniversaire de la participation canadienne à l’opération Overlord, l’une des plus grandes réalisations des Alliés au cours de la Seconde Guerre mondiale : le débarquement en France occupée.
563 |aRelié toile
590 |a94-22|b1994-06-03
69107|aHistoire militaire|2gcpds
69107|aGuerre|2gcpds
7201 |aMcAndrew, Bill
7201 |aGraves, Donald E.
77508|tNormandy 1944 : |w(CaOODSP)9.645317